Las desterradas del paraíso: protagonistas en la narrativa de Maria Luisa Bombal
Shranjeno v:
| Glavni avtor: | |
|---|---|
| Format: | Knjiga |
| Jezik: | španščina |
| Izdano: |
Nueva York
Senda Nueva
1983
|
| Teme: | |
| Oznake: |
Označite
Brez oznak, prvi označite!
|
MARC
| LEADER | 00000nam a2200000 a 4500 | ||
|---|---|---|---|
| 001 | UCY1686 | ||
| 003 | CL-VaPUC | ||
| 005 | 20241111112015.0 | ||
| 008 | 940913e19830000US |||||||||||||||||spa|d | ||
| 999 | |c 230308 |d 230306 | ||
| 040 | |c Pontificia Universidad Católica de Valparaíso | ||
| 082 | 0 | 4 | |a Ch863.09 |b AGO |2 21 |
| 100 | |a Agosín, Marjorie |e author |9 329682 | ||
| 245 | 1 | 4 | |a Las desterradas del paraíso: protagonistas en la narrativa de Maria Luisa Bombal |
| 260 | |a Nueva York |b Senda Nueva |c 1983 | ||
| 300 | |a 126 p | ||
| 583 | |a last modification |c 19940913 00:00:00 |k Rodrigo Vera | ||
| 600 | 0 | |a Bombal, María Luisa, |d 1910-1980 |e autora |9 307961 | |
| 650 | 0 | |a Crítica e interpretación |9 255042 | |
| 650 | 7 | |a PERSONAJES |2 CL-VaPUC |9 329683 | |
| 942 | |c BK |2 ddc | ||
| 945 | |d 19940913 00:00:00 |a oaravena | ||
| 952 | |0 0 |1 0 |2 ddc |4 0 |6 CH_863_090000000000000_AGO_1983 |7 0 |8 A |9 232463 |a BIBEDU |b BIBEDU |d 2019-11-15 |i 3016692 |l 3 |o Ch863.09 AGO 1983 |p 3016692 |r 2022-07-14 |s 2022-06-15 |w 2019-11-15 |y BK |k LIT | ||